[Event "OP-2013-0-02750"]
[Site "LSS email"]
[Date "2013.04.25"]
[Round "?"]
[White "Vontina, Maria"]
[Black "Zaitseva, Viktoriya"]
[Result "1-0"]
[WhiteElo "772"]
[BlackElo "1457"]
[PlyCount "27"]
[EventDate "2013.04.21"]
[EventType "tourn (corr)"]
[EventRounds "4"]
[EventCountry "GER"]
[SourceTitle "Corr 2015"]
[Source "ChessBase"]
[SourceDate "2015.07.17"]
[SourceVersion "1"]
[SourceVersionDate "2015.07.17"]
[SourceQuality "1"]

1. e4 d6 2. d4 Nf6 3. f3 g6 4. Bc4 Bg7 5. Ne2 0-0 6. 0-0 c5 7. Nbc3 Nc6 8. dxc5 dxc5 9. Be3 Qc7 10. a3 Rd8 11. Qe1 Nd4 12. Rc1 Be6 13. Bxe6 Nxe6 14. Qf2 1-0

[Event "OP-2013-0-02742"]
[Site "LSS email"]
[Date "2013.04.19"]
[Round "?"]
[White "Garcia, Javier N"]
[Black "Zaitseva, Viktoriya"]
[Result "1-0"]
[WhiteElo "833"]
[BlackElo "1457"]
[PlyCount "45"]
[EventDate "2013.04.16"]
[EventType "tourn (corr)"]
[EventRounds "4"]
[EventCountry "GER"]
[SourceTitle "Telechess CBM 161"]
[Source "ChessBase"]
[SourceDate "2014.07.16"]
[SourceVersion "1"]
[SourceVersionDate "2014.07.16"]
[SourceQuality "1"]

1. e4 d6 2. d4 Nf6 3. Nc3 g6 4. Bd3 Bg7 5. Nf3 0-0 6. Be3 Ng4 7. Bg5 c5 8. dxc5 dxc5 9. 0-0 Nc6 10. Bb5 h6 11. Qxd8 Rxd8 12. Bh4 g5 13. Bg3 Bd7 14. Rad1 Bxc3 15. bxc3 Nf6 16. e5 Ne4 17. c4 Nc3 18. Rd3 Nxb5 19. cxb5 Nb4 20. Rd2 Bxb5 21. Rxd8+ Rxd8 22. h4 Bxf1 23. Kxf1 1-0

[Event "OP-2013-0-02742"]
[Site "LSS email"]
[Date "2013.04.19"]
[Round "?"]
[White "Zaitseva, Viktoriya"]
[Black "Mori, Roberto"]
[Result "0-1"]
[WhiteElo "1457"]
[BlackElo "734"]
[PlyCount "20"]
[EventDate "2013.04.16"]
[EventType "tourn (corr)"]
[EventRounds "4"]
[EventCountry "GER"]
[SourceTitle "Corr 2015"]
[Source "ChessBase"]
[SourceDate "2015.07.17"]
[SourceVersion "1"]
[SourceVersionDate "2015.07.17"]
[SourceQuality "1"]

1. Nf3 d5 2. c4 dxc4 3. Na3 Be6 4. e3 Bg4 5. Nxc4 e6 6. Nce5 Bf5 7. Qb3 Qd5 8. Bc4 Qd6 9. Qxb7 Be4 10. Qxe4 c6 0-1

[Event "OP-2013-0-02584"]
[Site "LSS email"]
[Date "2013.01.13"]
[Round "?"]
[White "Zaitseva, Viktoriya"]
[Black "Jovanovic, Bratislav"]
[Result "1/2-1/2"]
[WhiteElo "1457"]
[BlackElo "2106"]
[PlyCount "43"]
[EventDate "2013.01.09"]
[EventType "tourn (corr)"]
[EventRounds "4"]
[EventCountry "GER"]
[SourceTitle "Telechess CBM 159"]
[Source "ChessBase"]
[SourceDate "2014.03.17"]
[SourceVersion "1"]
[SourceVersionDate "2014.03.17"]
[SourceQuality "1"]

1. Nf3 e6 2. b3 Nf6 3. Bb2 d5 4. e3 c5 5. d4 Nc6 6. Bd3 Bd6 7. dxc5 Bxc5 8. 0-0 0-0 9. a3 Qc7 10. c4 dxc4 11. Bxc4 Bd6 12. Nbd2 e5 13. Qc2 Qe7 14. b4 Bd7 15. Ne4 Bf5 16. Nxf6+ Qxf6 17. Bd3 Bxd3 18. Qxd3 a6 19. Qe4 Rad8 20. Rfd1 Qe6 21. Ng5 Qh6 22. Nf3 1/2-1/2

[Event "OP-2013-0-02582"]
[Site "LSS email"]
[Date "2013.01.12"]
[Round "?"]
[White "Zaitseva, Viktoriya"]
[Black "Lehnberger, Karl"]
[Result "1/2-1/2"]
[WhiteElo "1457"]
[BlackElo "2142"]
[PlyCount "73"]
[EventDate "2013.01.07"]
[EventType "tourn (corr)"]
[EventRounds "4"]
[EventCountry "GER"]
[SourceTitle "Telechess CBM 161"]
[Source "ChessBase"]
[SourceDate "2014.07.16"]
[SourceVersion "1"]
[SourceVersionDate "2014.07.16"]
[SourceQuality "1"]

1. Nf3 Nf6 2. e3 e6 3. b3 b6 4. Bb2 Bb7 5. Be2 Be7 6. c4 0-0 7. 0-0 c5 8. Nc3 Nc6 9. a3 a6 10. Qc2 Qc7 11. h3 Rfd8 12. d4 cxd4 13. exd4 Rac8 14. b4 d5 15. c5 bxc5 16. dxc5 d4 17. Na4 Nd5 18. Rad1 Nf4 19. Bc1 Nxe2+ 20. Qxe2 Re8 21. Bb2 e5 22. Rfe1 Bf8 23. Nb6 Rcd8 24. Qc2 a5 25. Ng5 g6 26. Ne4 Re6 27. Ng5 Rf6 28. Ne4 Rf5 29. Ng3 Rf4 30. Bc1 d3 31. Rxd3 Rxd3 32. Bxf4 Rxa3 33. Ne4 Nxb4 34. Nf6+ Kh8 35. Qc1 Bxc5 36. Qxa3 Bxf2+ 37. Kxf2 1/2-1/2

[Event "OP-2012-0-02571"]
[Site "LSS email"]
[Date "2013.01.03"]
[Round "?"]
[White "Vontina, Maria"]
[Black "Zaitseva, Viktoriya"]
[Result "0-1"]
[WhiteElo "772"]
[BlackElo "1457"]
[PlyCount "42"]
[EventDate "2012.12.29"]
[EventType "tourn (corr)"]
[EventRounds "4"]
[EventCountry "GER"]
[SourceTitle "Telechess CBM 159"]
[Source "ChessBase"]
[SourceDate "2014.03.17"]
[SourceVersion "1"]
[SourceVersionDate "2014.03.17"]
[SourceQuality "1"]

1. e4 d6 2. d4 Nf6 3. f3 g6 4. Bc4 Bg7 5. Ne2 0-0 6. 0-0 Nbd7 7. Bg5 c5 8. Nbc3 Nb6 9. dxc5 dxc5 10. a3 Nxc4 11. Bc1 Qxd1 12. Rxd1 a6 13. Bg5 Nxb2 14. Rab1 Nc4 15. Nd5 Nxd5 16. Rxd5 Nxa3 17. Rb3 Nxc2 18. Rxc5 Nd4 19. Rb2 Nxe2+ 20. Rxe2 Bd4+ 21. Kf1 Bxc5 0-1

[Event "ZI-2012-0-01415"]
[Site "LSS email"]
[Date "2012.11.13"]
[Round "?"]
[White "Zaitseva, Viktoriya"]
[Black "Hatsek, Werner"]
[Result "0-1"]
[WhiteElo "1719"]
[BlackElo "1945"]
[PlyCount "110"]
[EventDate "2012.10.31"]
[EventType "match (corr)"]
[EventRounds "2"]
[EventCountry "GER"]
[SourceTitle "Telechess CBM 163"]
[Source "ChessBase"]
[SourceDate "2014.11.11"]
[SourceVersion "2"]
[SourceVersionDate "2014.11.11"]
[SourceQuality "1"]

1. Nf3 d5 2. g3 g6 3. Bg2 Bg7 4. 0-0 e5 5. d3 Ne7 6. Nbd2 0-0 7. e4 Nbc6 8. Re1 d4 9. a4 Nb4 10. Nc4 Nec6 11. b3 f6 12. Bd2 a5 13. h4 h5 14. Nh2 Be6 15. Bf1 Qe7 16. Qc1 Rad8 17. Qb2 b6 18. Re2 Kh7 19. f4 exf4 20. gxf4 Qc5 21. Bg2 Bc8 22. Rf1 Bh6 23. Ref2 Kh8 24. Nf3 Bg7 25. e5 Nd5 26. Re1 fxe5 27. fxe5 Rde8 28. Ng5 Rxf2 29. Kxf2 Rf8+ 30. Kg1 Nc3 31. e6 Qf5 32. Qc1 Qf2+ 33. Kh2 Ne2 34. Rxe2 Qxe2 35. Qe1 Rf2 36. Qxe2 Rxe2 37. Kg1 Nb4 38. Kf1 Rxd2 39. e7 Bd7 40. Bh3 Be8 41. Nxd2 Bf6 42. Ne6 Bd7 43. e8B Bxe8 44. Nxc7 Bc6 45. Bg2 Bxg2+ 46. Kxg2 Bxh4 47. Nf3 Bf6 48. Ne8 Be7 49. Nxd4 Bc5 50. c3 Nxd3 51. Nc6 Kg8 52. Kf3 Kf7 53. Nc7 h4 54. Kg4 g5 55. Nb5 Kf6 0-1

[Event "LSS No Engine Cup 75 Preliminary 1"]
[Site "LSS email"]
[Date "2012.10.27"]
[Round "?"]
[White "Zaitseva, Viktoriya"]
[Black "Murphy, Jones"]
[Result "1-0"]
[WhiteElo "1726"]
[BlackElo "1287"]
[PlyCount "83"]
[EventDate "2012.10.28"]
[EventType "tourn (corr)"]
[EventRounds "6"]
[EventCountry "GER"]
[SourceTitle "Telechess CBM 159"]
[Source "ChessBase"]
[SourceDate "2014.03.17"]
[SourceVersion "1"]
[SourceVersionDate "2014.03.17"]
[SourceQuality "1"]

1. Nf3 g6 2. g3 Bg7 3. Bg2 e5 4. d3 d5 5. 0-0 Ne7 6. Nbd2 0-0 7. e4 Nbc6 8. Re1 h6 9. c3 Be6 10. Qe2 Qd7 11. Nf1 Rad8 12. h4 dxe4 13. dxe4 Qd3 14. Qxd3 Rxd3 15. Ne3 Rd7 16. Kh2 a5 17. a4 Rfd8 18. Bh3 Bxh3 19. Kxh3 Kh8 20. Nc4 Rd3 21. Be3 f5 22. Ncd2 Kh7 23. Re2 b6 24. Ne1 R3d7 25. Nc4 Rd1 26. Rxd1 Rxd1 27. Nc2 Bf6 28. Rd2 Rxd2 29. Nxd2 Nd8 30. b4 f4 31. gxf4 exf4 32. Bd4 Bxd4 33. cxd4 axb4 34. Nxb4 Ndc6 35. Nc2 h5 36. Kg2 Kh6 37. Nf3 Nc8 38. Ng5 Nd6 39. Kf3 Nc4 40. Kxf4 Nb2 41. d5 Nd8 42. Nd4 1-0

[Event "ZI-2012-0-01400"]
[Site "LSS email"]
[Date "2012.10.21"]
[Round "?"]
[White "Jansen, Uwe"]
[Black "Zaitseva, Viktoriya"]
[Result "1/2-1/2"]
[WhiteElo "1774"]
[BlackElo "1719"]
[PlyCount "36"]
[EventDate "2012.10.08"]
[EventType "match (corr)"]
[EventRounds "2"]
[EventCountry "GER"]
[SourceTitle "Corr 2015"]
[Source "ChessBase"]
[SourceDate "2015.07.17"]
[SourceVersion "1"]
[SourceVersionDate "2015.07.17"]
[SourceQuality "1"]

1. e4 d6 2. d4 Nf6 3. Nc3 g6 4. Nf3 Bg7 5. Be2 0-0 6. 0-0 c5 7. dxc5 dxc5 8. Qxd8 Rxd8 9. Be3 b6 10. Rfd1 Nc6 11. Rxd8+ Nxd8 12. Rd1 Bb7 13. Nd2 Nc6 14. Nc4 Ne8 15. f3 Ba6 16. Rd2 Rd8 17. Rxd8 Nxd8 18. Bd3 Bxc4 1/2-1/2

[Event "OP-2012-0-02383"]
[Site "LSS email"]
[Date "2012.09.01"]
[Round "?"]
[White "Leiva, Juan"]
[Black "Zaitseva, Viktoriya"]
[Result "1/2-1/2"]
[WhiteElo "1400"]
[BlackElo "1685"]
[PlyCount "187"]
[EventDate "2012.08.28"]
[EventType "tourn (corr)"]
[EventRounds "4"]
[EventCountry "GER"]
[SourceTitle "Telechess CBM 165"]
[Source "ChessBase"]
[SourceDate "2015.03.11"]
[SourceVersion "1"]
[SourceVersionDate "2015.03.11"]
[SourceQuality "1"]

1. e4 e6 2. d4 d5 3. Nd2 dxe4 4. Nxe4 Bd7 5. Nf3 Bc6 6. Ned2 Nf6 7. Bd3 Be7 8. 0-0 0-0 9. c3 Nbd7 10. Re1 h6 11. Qe2 b6 12. Ba6 Qb8 13. Ne5 Nxe5 14. dxe5 Nd7 15. Nb3 Bb7 16. Bc4 c5 17. Bf4 Qc7 18. Qg4 Kh8 19. Qh3 Rfd8 20. Bxh6 Nf8 21. Be3+ Kg8 22. f4 Qc6 23. Nd2 Ng6 24. a4 Nh4 25. Bf1 Nf5 26. Nc4 Rd7 27. Bf2 Rad8 28. Qh5 Ba6 29. b3 Bxc4 30. Bxc4 Rd2 31. Qh3 Bh4 32. Bxh4 Nxh4 33. Be2 Nf5 34. Bf3 Qd7 35. Be4 c4 36. g4 Nh6 37. b4 a5 38. bxa5 bxa5 39. Qg3 Rb8 40. h3 Rbb2 41. Qe3 g6 42. Kf1 Qd8 43. Rab1 Qd7 44. Rxb2 Rxb2 45. Ra1 Kg7 46. Ke1 Qd8 47. Kf1 Rd2 48. Qf3 Ng8 49. f5 exf5 50. gxf5 gxf5 51. Bxf5 Ne7 52. Qg4+ Kf8 53. Be4 Ng6 54. Qh5 Qh4 55. Qxh4 Nxh4 56. Rb1 Ra2 57. Rb8+ Ke7 58. Bd5 Ng6 59. Rb7+ Kd8 60. Rxf7 Nxe5 61. Rf5 Nd7 62. h4 Ke7 63. Bc6 Rc2 64. Rxa5 Nf6 65. Rg5 Rxc3 66. a5 Ra3 67. Bb7 Ne8 68. Re5+ Kd8 69. h5 c3 70. Ke2 Nd6 71. Ba6 Nf7 72. Rb5 Nd6 73. Re5 Nf7 74. Rf5 Ke7 75. Bd3 Ke6 76. Rb5 Ra2+ 77. Ke3 c2 78. Bc4+ Kf6 79. Kd2 Ra1 80. Kxc2 Nd6 81. Rb6 Ke5 82. Bd3 Rxa5 83. Rb4 Nf7 84. Kd2 Kf6 85. Be2 Rg5 86. Rb6+ Kg7 87. Ke3 Re5+ 88. Kf2 Rf5+ 89. Kg3 Rf6 90. Rb5 Kh6 91. Rb8 Kg5 92. Rg8+ Kh6 93. Ra8 Rd6 94. Re8 1/2-1/2

[Event "OP-2012-0-02380"]
[Site "LSS email"]
[Date "2012.08.30"]
[Round "?"]
[White "Klawitter, Bernd"]
[Black "Zaitseva, Viktoriya"]
[Result "0-1"]
[WhiteElo "820"]
[BlackElo "1716"]
[PlyCount "70"]
[EventDate "2012.08.26"]
[EventType "tourn (corr)"]
[EventRounds "4"]
[EventCountry "GER"]
[SourceTitle "Telechess CBM 159"]
[Source "ChessBase"]
[SourceDate "2014.03.17"]
[SourceVersion "1"]
[SourceVersionDate "2014.03.17"]
[SourceQuality "1"]

1. e4 e6 2. d4 d5 3. e5 c5 4. Nf3 Nc6 5. c3 Bd7 6. a3 f6 7. Bd3 fxe5 8. Nxe5 Nf6 9. Nxd7 Qxd7 10. Bb5 Bd6 11. 0-0 0-0 12. Be3 a6 13. Bxc6 Qxc6 14. dxc5 Bxc5 15. Bxc5 Qxc5 16. Nd2 Nd7 17. Qg4 Rf6 18. Rae1 Raf8 19. Nb3 Qd6 20. Nd4 e5 21. Nc2 e4 22. Ne3 Ne5 23. Qd1 Nd3 24. Re2 Rh6 25. g3 Rf7 26. Rd2 Ne5 27. Ng4 Nf3+ 28. Kg2 Nxd2 29. Nxh6+ Qxh6 30. Rh1 e3 31. fxe3 Qxe3 32. Qe1 Qf3+ 33. Kh3 Ne4 34. Rg1 Rf5 35. Kh4 Qh5# 0-1